Efektivní feedback
360 stupňová spätná väzba ako spôsob hodnotenia pracovníkov. V ktorých prípadoch využiť kruhovú spätnú väzbu. Päť základných podmienok efektívnej spätnej väzby. Dotazníkový výskum doplnený osobným rozhovorom s hodnoteným pracovníkom. S.A.R.A. efekt.
Gespeichert in:
| 1. Verfasser: | |
|---|---|
| Format: | Buchkapitel |
| Sprache: | Tschechisch |
| Schlagworte: | |
| Tags: |
Keine Tags, Fügen Sie das erste Tag hinzu!
|
MARC
| LEADER | 00000naa$a2200000$$$4500 | ||
|---|---|---|---|
| 001 | 0054906 | ||
| 005 | 20231128135051.2 | ||
| 041 | 0 | |a cze | |
| 044 | |a CZ | ||
| 245 | 1 | 0 | |a Efektivní feedback |c Mira Beranová |
| 520 | |a 360 stupňová spätná väzba ako spôsob hodnotenia pracovníkov. V ktorých prípadoch využiť kruhovú spätnú väzbu. Päť základných podmienok efektívnej spätnej väzby. Dotazníkový výskum doplnený osobným rozhovorom s hodnoteným pracovníkom. S.A.R.A. efekt. | ||
| 610 | 2 | 0 | |a zdroje ľudské |
| 610 | 2 | 0 | |a zamestnanci |
| 610 | 2 | 0 | |a práca personálna |
| 610 | 2 | 0 | |a hodnotenie pracovníkov |
| 610 | 2 | 0 | |a väzba spätná |
| 100 | 1 | |a Beranová, Mira | |